00567nam a2200205 a 4500001001300000003000900013005001700022008004100039020001100080082001800091100002100109245002500130260004500155300000900200500003500209505003100244650003000275650003500305700002100340nice12345678IN_TiNIC20260116011607.0050524s1963 lona grp 000 0 eng  ac17.500a954.0357bFUR aFurneaux, Rupert aMassacre at Amritsar aLondonbGeorge Allen and Unwin Ltdc1963 a183p aincludes index and biblioraphy2 aIllus, Bibliography, Index aJallianwala Bagh-Massacre aIndia-History Jallianwala Bagh1 aFurneaux, Rupert